000 02689cam a2200325 4500500
005 20260405004006.0
041 _afre
042 _adc
100 1 0 _aJung, Agnès
_eauthor
700 1 0 _aBrau-Antony, Stéphane
_eauthor
700 1 0 _aPhilippot, Thierry
_eauthor
245 0 0 _aFaire apprendre le croquis de paysage en classe de 6e : le cas d’un professeur d’histoire-géographie débutant
260 _c2026.
500 _a22
520 _aCet article explore une séquence d’enseignement-apprentissage, portant sur l’habiter des espaces de faible densité à vocation agricole en 6e, menée par une enseignante d’histoire-géographie débutante. Mobilisant une approche didactique, nous identifions les tensions qui l’affectent lorsqu’elle aborde, à plusieurs reprises dans l’action conjointe, le croquis de paysage dans l’ordinaire de la classe. Au-delà de l’étude de cas, nous pointons notamment les fonctions de ce langage graphique et les tensions entre produire/faire produire un croquis de paysage.
520 _aAbstractThis article explores a teaching-learning sequence by a beginner history-geography teacher on the topic of living in sparsely populated agricultural areas in the 6th grade. Using a didactic approach, we identify the tensions that affect her when, on several occasions in joint action, she approaches landscape sketching in the ordinary classroom. Beyond the case study, we focus in particular on the functions of this graphic language and the tensions between producing and having someone produce a landscape sketch.
520 _aResumenEste artículo explora una secuencia de enseñanza-aprendizaje sobre la habitabilidad de los espacios de baja densidad con vocación agrícola en 6.º curso, impartida por una profesora novel de Historia y Geografía. Mediante un enfoque didáctico, identificamos las tensiones que le afectan cuando aborda, en varias ocasiones durante la acción conjunta, el boceto del paisaje en el aula. Más allá del estudio de caso, señalamos en particular las funciones de este lenguaje gráfico y las tensiones entre producir/hacer producir un boceto del paisaje.
690 _aCroquis de paysage
690 _adidactique de la géographie
690 _aenseignants débutants
690 _aTACD
690 _atensions
690 _abeginning teachers
690 _ageography didactics
690 _aLandscape sketch
690 _aTACD
690 _atensions
786 0 _nRecherches en didactiques | 39-40 | 1-2 | 2026-02-03 | p. 257-278 | 2116-9683
856 4 1 _uhttps://shs.cairn.info/revue-recherches-en-didactiques-2025-1-2-page-257?lang=fr&redirect-ssocas=7080
999 _c2072699
_d2072699